000 00312nam a2200133Ia 4500
008 150301s2015 xx 000 0 und d
082 _a612.015
_bC13R
100 _aRAJAGOPAL, G
245 _aCONCISE TB OF BIOCHEMISTRY
260 _bAPH- DELHI
300 _a336
650 _aPHARMACEUTICS
942 _2ddc
_cBK
_05
999 _c7318
_d7318